Současná situace z hlediska Západu. Společné podniky v ČSFR.

Výsledok osemmesačného prieskumu súčasnej situácie joint ventures v ČSFR. Interpretácia zo západného hľadiska. Západný svet delí spoločné podniky na zmluvné spoločné podniky a spoločné podniky založené na kapitálových investíciách. Uvedenie škály obchodných aktivít, ktoré možno zaradiť medzi zmluvné...

Description complète

Enregistré dans:
Détails bibliographiques
Auteur principal: Tamm, A.
Format: Chapitre de livre
Langue:tchèque
Sujets:
Tags: Ajouter un tag
Pas de tags, Soyez le premier à ajouter un tag!

MARC

LEADER 00000naa a2200000 4500
001 r009887
005 20220831090247.9
041 0 |a cze 
044 |a [CS] 
245 1 0 |a Současná situace z hlediska Západu.  |b Společné podniky v ČSFR.  |c A. Tamm 
520 |a Výsledok osemmesačného prieskumu súčasnej situácie joint ventures v ČSFR. Interpretácia zo západného hľadiska. Západný svet delí spoločné podniky na zmluvné spoločné podniky a spoločné podniky založené na kapitálových investíciách. Uvedenie škály obchodných aktivít, ktoré možno zaradiť medzi zmluvné spoločné podniky a obchodných aktivít založených na kapitálových investíciách. Výsledky prieskumu spoločných podnikov založených na kapitálových investíciách. 
610 2 0 |a joint ventures 
610 2 0 |a ČSFR 
610 2 0 |a investície 
610 2 0 |a náklady a ceny 
610 2 0 |a kapitál 
610 2 0 |a údaje štatistické 
100 1 |a Tamm, A.